01461nac a22002891i 4500003000900000005001700009008004100026020001500067040004300082082001900125245040400144264005100548264001000599300004600609336002600655337002800681338002700709490007500736504005100811650004300862655001700905700004200922700005900964942001201023999001501035952012101050EG-ScBUE20250813093044.0250721t1981 nyua f bf 001 0 eng d a0070650330 aEG-ScBUEbengerdacEG-ScBUEdEG-ScBUE04a546.7bPRO22210aProperties of nonmetallic fluid elements /cedited by Y. S. Touloukian, director, Center for Information and Numerical Data Analysis and Synthesis and Distinguished Atkins professor of engineering School of Mechanical Engineering, Purdue University, C. Y. Ho, Assistant Director and Head of Reference Data Division Center for Information and Numerical Data Analysis and Synthesis, Purdue University. 1aNew York : bMcGraw-Hill Book Company,c[1981] 4cc1981 axvi, 208 pages :billustrations ;c29 cm. 2rdacontentatextbtxt aunmediated2rdamediabn avolumebnc2rdacarrier0 aMcGraw-Hill/CINDAS data series on material properties ; vvolume III-2 aIncludes bibliographical references and index. 7aGasesxHandbooks, manuals, etc.2BUEsh vReading book1 aHo, C. Y.q(Cho Yen),d1928-eeditor.1 aTouloukian, Y. S.q(Yeram Sarkis)d1918-1981,eeditor. cBB2ddc c8529d8529 00102ddc3 40708AlahramaMAINbMAINc1STd2012-03-08ePurchasel0o546.7 PROp000010348r2025-07-15 00:00:00yBB